000 00667nam a22002297a 4500
003 UA-OsUOA
001 89500
007 ta
008 20121107b un ||||| |||| 00| 0 ukr d
100 _aГолованівський С.
090 _a821.161.2
_bГ61
942 _cBK
040 _aUA-OsUOA
_bukr
_cUA-OsUOA
_dUA-OsUOA
245 _aТвори в трьох томах
_b2
_cДраматичні поеми; П'єси; Оповіді
300 _a604 с.
955 _a3
041 _aukr
080 _a821.161.2
260 _aК.
_bДніпро
_c1981
650 7 _a82 Література. Літературознавство
_2UDC
999 _c375785
_d375785